000 00697nam a2200289Ia 4500
005 20260324123657.0
008 008 260324s9999 xx 000 0 eng d
020 _a9781003446095
037 _aEBOOK
040 _aCRL
040 _beng
040 _cCRL
041 _2eng
041 _aeng
084 _qCRL
100 _aD-L Stewart
_91171226
245 0 _aMulticultural Student Services on Campus
245 0 _bBuilding Bridges, Re-visioning Community
260 _bTaylor and Francis
260 _c2011
365 _a
365 _b230
856 _uhttp://www.taylorfrancis.com/books/9781003446095
942 _cEBOOK
999 _c1764953
_d1764953